[Event "Cheliabinsk Shusharin Memorial Rapid"]
[Site "Cheliabinsk"]
[Date "2023.11.15"]
[Round "4"]
[White "Shuvalova, Polina"]
[Black "Nugumanov, Bakhtiyar"]
[Result "1-0"]
[WhiteElo "2497"]
[BlackElo "2293"]
[PlyCount "68"]
[EventDate "2023.11.15"]
[EventType "swiss (rapid)"]
[EventRounds "11"]
[EventCountry "RUS"]
[SourceTitle "CB47_2023"]
[SourceDate "2023.11.22"]
[SourceVersion "1"]
[SourceVersionDate "2023.11.22"]
[SourceQuality "1"]

1. e4 e5 2. Nf3 Nc6 3. Nc3 Nf6 4. Bb5 Bd6 5. d3 a6 6. Ba4 h6 7. a3 Nd4 8. Nxd4 exd4 9. Ne2 Bc5 10. b4 Ba7 11. Bb2 0-0 12. h3 b5 13. Bb3 d5 14. e5 Nh7 15. 0-0 Re8 16. Bxd4 c6 17. f4 Bxd4+ 18. Nxd4 Qb6 19. c3 f6 20. Qh5 Bd7 21. Kh1 Re7 22. Rae1 Rae8 23. Nf5 Bxf5 24. Qxf5 fxe5 25. fxe5 Rf8 26. Qg6 Rxf1+ 27. Rxf1 Qe3 28. Qxc6 Qxe5 29. Qxd5+ Qxd5 30. Bxd5+ Kh8 31. Rf7 Re1+ 32. Kh2 Nf6 33. Bb7 Ra1 34. c4 bxc4 1-0

[Event "Titled Tuesday intern op 05th Sep Early"]
[Site "Chess.com INT"]
[Date "2023.09.05"]
[Round "1"]
[White "Przybylski, Wojciech"]
[Black "Nugumanov, Bakhtiyar"]
[Result "1-0"]
[WhiteElo "2308"]
[BlackElo "2305"]
[PlyCount "41"]
[EventDate "2023.09.05"]
[EventType "swiss (blitz)"]
[EventRounds "11"]
[EventCountry "USA"]
[SourceTitle "EXT 2024"]
[Source "ChessBase"]
[SourceDate "2023.10.10"]
[SourceVersion "1"]
[SourceVersionDate "2023.10.10"]
[SourceQuality "1"]

1. e4 e6 2. d4 d5 3. Nc3 Bb4 4. a3 Bxc3+ 5. bxc3 dxe4 6. Qg4 g6 7. Qxe4 Nf6 8. Qf3 c5 9. Bb5+ Nfd7 10. Ne2 cxd4 11. 0-0 a6 12. Ba4 dxc3 13. Bh6 Qa5 14. Bb3 Nc6 15. Bg7 Rg8 16. Bxc3 Qf5 17. Qg3 Nc5 18. Qc7 Nxb3 19. cxb3 Qd3 20. Rad1 Qxe2 21. Bf6 1-0

[Event "Titled Tuesday intern op 15th Aug Early"]
[Site "Chess.com INT"]
[Date "2023.08.15"]
[Round "4"]
[White "Nugumanov, Bakhtiyar"]
[Black "Taboas Rodriguez, Daniel"]
[Result "1-0"]
[WhiteElo "2317"]
[BlackElo "2368"]
[PlyCount "77"]
[EventDate "2023.08.15"]
[EventType "swiss (blitz)"]
[EventRounds "11"]
[EventCountry "USA"]
[SourceTitle "EXT 2024"]
[Source "ChessBase"]
[SourceDate "2023.10.10"]
[SourceVersion "1"]
[SourceVersionDate "2023.10.10"]
[SourceQuality "1"]

1. e4 e5 2. Nf3 Nc6 3. Bc4 Bc5 4. b4 Bxb4 5. c3 Be7 6. d4 Na5 7. Be2 d6 8. dxe5 dxe5 9. Qa4+ Nc6 10. Nxe5 Bd7 11. Nxd7 Qxd7 12. 0-0 Nf6 13. Be3 0-0 14. h3 Ne5 15. Qd4 Bd6 16. f4 Nc6 17. Qd1 Be7 18. Nd2 Rad8 19. Qc2 Rfe8 20. Rad1 Bf8 21. Kh2 Qe7 22. Bf3 Qe6 23. Bf2 Bd6 24. e5 Nxe5 25. fxe5 Qxe5+ 26. g3 Nh5 27. Rfe1 Qg5 28. Ne4 Rxe4 29. Qxe4 Nxg3 30. Qe8+ Rxe8 31. Rxe8+ Bf8 32. Bxg3 g6 33. Rdd8 Kg7 34. Rxf8 Qe3 35. Kg2 Qxc3 36. Rg8+ Kf6 37. Bh4+ Kf5 38. Rd5+ Kf4 39. Bg5# 1-0

[Event "Titled Tuesday intern op 15th Aug Early"]
[Site "Chess.com INT"]
[Date "2023.08.15"]
[Round "10"]
[White "Smietanska, Wiktoria"]
[Black "Nugumanov, Bakhtiyar"]
[Result "1-0"]
[WhiteElo "2017"]
[BlackElo "2317"]
[PlyCount "87"]
[EventDate "2023.08.15"]
[EventType "swiss (blitz)"]
[EventRounds "11"]
[EventCountry "USA"]
[SourceTitle "EXT 2024"]
[Source "ChessBase"]
[SourceDate "2023.10.10"]
[SourceVersion "1"]
[SourceVersionDate "2023.10.10"]
[SourceQuality "1"]

1. c4 Nf6 2. Nc3 g6 3. g3 Bg7 4. Bg2 0-0 5. e4 d6 6. Nge2 e5 7. 0-0 Nc6 8. d3 Nh5 9. f4 f5 10. Nd5 Be6 11. fxe5 dxe5 12. Nec3 Nf6 13. Bg5 Nd4 14. Qd2 c6 15. Nxf6+ Bxf6 16. Bh6 Rf7 17. exf5 gxf5 18. Rae1 Qd7 19. Bg5 Bg7 20. Ne2 Nxe2+ 21. Qxe2 Re8 22. Bf3 h6 23. Be3 Rff8 24. Bh5 Bf7 25. Bf3 b6 26. Qg2 Re6 27. Bd2 Bg6 28. h4 Bh7 29. Bb4 Rd8 30. a4 a5 31. Bc3 Qc7 32. Qc2 e4 33. dxe4 Qxg3+ 34. Bg2 fxe4 35. Bxg7 Qxg7 36. Re3 Kh8 37. Qf2 Rg8 38. Kh1 Qe5 39. Qd2 Reg6 40. Rxe4 Qg3 41. Re2 Qxh4+ 42. Kg1 Qd8 43. Qc3+ R8g7 44. Ref2 1-0

[Event "Titled Tuesday intern op 01st Aug Early"]
[Site "Chess.com INT"]
[Date "2023.08.01"]
[Round "4"]
[White "Ardila, Oscar Humberto"]
[Black "Nugumanov, Bakhtiyar"]
[Result "1-0"]
[WhiteElo "1987"]
[BlackElo "2317"]
[PlyCount "81"]
[EventDate "2023.08.01"]
[EventType "swiss (blitz)"]
[EventRounds "11"]
[EventCountry "USA"]
[SourceTitle "EXT 2024"]
[Source "ChessBase"]
[SourceDate "2023.10.10"]
[SourceVersion "1"]
[SourceVersionDate "2023.10.10"]
[SourceQuality "1"]

1. d4 e6 2. c4 b6 3. Nc3 Bb7 4. Nf3 Bb4 5. Bd2 Nf6 6. e3 0-0 7. Be2 Bxc3 8. Bxc3 Ne4 9. Rc1 f5 10. 0-0 d6 11. Be1 Nd7 12. Nd2 Ndf6 13. Nxe4 fxe4 14. b4 Qe8 15. c5 Rc8 16. cxd6 cxd6 17. Bc4 Bd5 18. Bxd5 Nxd5 19. Rxc8 Qxc8 20. Qb1 Nf6 21. b5 d5 22. Bb4 Rf7 23. Bd6 Qd8 24. Be5 Ng4 25. Bg3 h5 26. h3 Nh6 27. Qd1 h4 28. Be5 Qe8 29. a4 Rf5 30. Qc2 Qg6 31. Bf4 Kh7 32. Rc1 Rf7 33. Qc8 Qf5 34. Qd8 Qf6 35. Qb8 g5 36. Be5 Qxf2+ 37. Kh2 Qxe3 38. Qh8+ Kg6 39. Rc6 g4 40. Rxe6+ Kf5 41. Rf6+ 1-0

[Event "Titled Tuesday intern op 25th Jul Early"]
[Site "Chess.com INT"]
[Date "2023.07.25"]
[Round "9"]
[White "Saim, Mohamed Ilias"]
[Black "Nugumanov, Bakhtiyar"]
[Result "1-0"]
[WhiteElo "2169"]
[BlackElo "2317"]
[PlyCount "33"]
[EventDate "2023.07.25"]
[EventType "swiss (blitz)"]
[EventRounds "11"]
[EventCountry "USA"]
[SourceTitle "EXT 2024"]
[Source "ChessBase"]
[SourceDate "2023.10.10"]
[SourceVersion "1"]
[SourceVersionDate "2023.10.10"]
[SourceQuality "1"]

1. c4 e6 2. g3 Nf6 3. Bg2 c5 4. e4 Be7 5. Nc3 d6 6. Nge2 0-0 7. 0-0 e5 8. f4 Nc6 9. d3 Bg4 10. h3 Bd7 11. f5 g6 12. g4 Ne8 13. Bh6 Ng7 14. Nd5 f6 15. Ng3 Nd4 16. Kh1 b5 17. b3 1-0

[Event "Titled Tuesday intern op 18th Jul Early"]
[Site "Chess.com INT"]
[Date "2023.07.18"]
[Round "5"]
[White "Nugumanov, Bakhtiyar"]
[Black "Rodriguez Fontecha, Marcos"]
[Result "0-1"]
[WhiteElo "2317"]
[BlackElo "2309"]
[PlyCount "44"]
[EventDate "2023.07.18"]
[EventType "swiss (blitz)"]
[EventRounds "11"]
[EventCountry "USA"]
[SourceTitle "EXT 2024"]
[Source "ChessBase"]
[SourceDate "2023.10.10"]
[SourceVersion "1"]
[SourceVersionDate "2023.10.10"]
[SourceQuality "1"]

1. Nf3 Nf6 2. c4 d6 3. g3 g6 4. Bg2 Bg7 5. 0-0 0-0 6. Nc3 e5 7. d3 Nc6 8. Rb1 h6 9. b4 Be6 10. h3 Qd7 11. b5 Nd8 12. Kh2 Nh7 13. e4 f5 14. Nh4 Qf7 15. f4 exf4 16. Nd5 fxg3+ 17. Kh1 Bxd5 18. cxd5 Qf6 19. Bb2 Qxh4 20. Bxg7 Kxg7 21. Qc1 f4 22. Qc6 bxc6 0-1

[Event "Asian Continental op 20th"]
[Site "Almaty"]
[Date "2023.06.08"]
[Round "6"]
[White "Urazayev, Arystanbek"]
[Black "Nugumanov, Bakhtiyar"]
[Result "1/2-1/2"]
[WhiteElo "2436"]
[BlackElo "2316"]
[PlyCount "60"]
[EventDate "2023.06.04"]
[EventType "swiss"]
[EventRounds "9"]
[EventCountry "KAZ"]
[SourceTitle "CBM 214 Extra"]
[Source "ChessBase"]
[SourceDate "2023.07.31"]
[SourceVersion "1"]
[SourceVersionDate "2023.07.31"]
[SourceQuality "1"]

1. d4 e6 2. e4 d5 3. e5 c5 4. c3 Nc6 5. Nf3 Bd7 6. Be2 Nge7 7. Na3 cxd4 8. cxd4 Nf5 9. Nc2 Qb6 10. h4 Nb4 11. Nxb4 Bxb4+ 12. Kf1 Bb5 13. Bxb5+ Qxb5+ 14. Kg1 h5 15. Bd2 Bxd2 16. Qxd2 Rc8 17. Kh2 0-0 18. Rhc1 a5 19. Rxc8 Rxc8 20. Rc1 Rc6 21. Rc3 g6 22. Rb3 Qf1 23. Qxa5 Rc1 24. Qd8+ Kg7 25. Qf6+ Kg8 26. Qd8+ Kg7 27. Qf6+ Kg8 28. Qd8+ Kg7 29. Qf6+ Kg8 30. Qd8+ Kg7 1/2-1/2

[Event "Titled Tuesday intern op 30th May Early"]
[Site "Chess.com INT"]
[Date "2023.05.30"]
[Round "4"]
[White "Gurevich, Dmitry"]
[Black "Nugumanov, Bakhtiyar"]
[Result "0-1"]
[WhiteElo "2393"]
[BlackElo "2316"]
[PlyCount "100"]
[EventDate "2023.05.30"]
[EventType "swiss (blitz)"]
[EventRounds "11"]
[EventCountry "USA"]
[SourceTitle "CBM 214 Extra"]
[Source "ChessBase"]
[SourceDate "2023.07.31"]
[SourceVersion "1"]
[SourceVersionDate "2023.07.31"]
[SourceQuality "1"]

1. d4 e6 2. c4 c5 3. Nf3 Nf6 4. d5 exd5 5. cxd5 d6 6. e4 g6 7. h3 Bg7 8. Bd3 0-0 9. 0-0 b5 10. Re1 a6 11. Nc3 Bb7 12. Bf4 Re8 13. a3 Nh5 14. Bg5 Qc7 15. Rc1 Nd7 16. Qd2 c4 17. Bc2 Nc5 18. Be3 Nf6 19. Bd4 Rad8 20. Qf4 Nh5 21. Qh4 Bxd4 22. Nxd4 Qe7 23. Qxe7 Rxe7 24. f3 Nf4 25. Red1 Nfd3 26. Rb1 Rc7 27. b4 Nd7 28. g3 Rdc8 29. Kg2 Nb6 30. f4 f5 31. Ne6 Re7 32. Bxd3 cxd3 33. Rxd3 fxe4 34. Re3 Rxc3 35. Rxc3 Nxd5 36. Nd8 Nxc3 37. Rc1 Ba8 38. Kf2 e3+ 39. Ke1 Nd5 40. Nc6 Bxc6 41. Rxc6 Rd7 42. Ke2 Kf7 43. Rxa6 Ke6 44. Ra5 Rb7 45. Kd3 Rc7 46. Ra8 Rc3+ 47. Ke2 Rc2+ 48. Ke1 Rh2 49. Re8+ Ne7 50. Rd8 d5 0-1

[Event "Titled Tuesday intern op 23rd May Early"]
[Site "Chess.com INT"]
[Date "2023.05.23"]
[Round "2"]
[White "Avazkhonov, Alikhon"]
[Black "Nugumanov, Bakhtiyar"]
[Result "1-0"]
[WhiteElo "1538"]
[BlackElo "2316"]
[PlyCount "67"]
[EventDate "2023.05.23"]
[EventType "swiss (blitz)"]
[EventRounds "11"]
[EventCountry "USA"]
[SourceTitle "CBM 214 Extra"]
[Source "ChessBase"]
[SourceDate "2023.07.31"]
[SourceVersion "1"]
[SourceVersionDate "2023.07.31"]
[SourceQuality "1"]

1. e4 e6 2. d4 d5 3. Nd2 Be7 4. Ngf3 Nf6 5. e5 Nfd7 6. Bd3 c5 7. c3 Nc6 8. 0-0 a5 9. b3 Qb6 10. Bb2 a4 11. Rb1 a3 12. Ba1 0-0 13. Qe2 cxd4 14. cxd4 Nb4 15. Rfd1 Nxa2 16. Nc4 dxc4 17. bxc4 Nb4 18. c5 Nxc5 19. dxc5 Qxc5 20. Qe4 Nxd3 21. Rxd3 Qc2 22. Rbd1 Ra4 23. Nd4 Qc7 24. Nxe6 Rxe4 25. Nxc7 Bf5 26. Nd5 Bc5 27. Rc3 b6 28. Rxc5 bxc5 29. Ne7+ Kh8 30. Nxf5 g6 31. e6+ f6 32. e7 Re8 33. Bxf6+ Kg8 34. Nh6# 1-0

[Event "Titled Tuesday intern op 23rd May Early"]
[Site "Chess.com INT"]
[Date "2023.05.23"]
[Round "9"]
[White "Flynn, Jacob"]
[Black "Nugumanov, Bakhtiyar"]
[Result "1-0"]
[WhiteElo "2087"]
[BlackElo "2316"]
[PlyCount "83"]
[EventDate "2023.05.23"]
[EventType "swiss (blitz)"]
[EventRounds "11"]
[EventCountry "USA"]
[SourceTitle "CBM 214 Extra"]
[Source "ChessBase"]
[SourceDate "2023.07.31"]
[SourceVersion "1"]
[SourceVersionDate "2023.07.31"]
[SourceQuality "1"]

1. Nf3 b6 2. g3 Bb7 3. Bg2 c5 4. 0-0 g6 5. d3 Bg7 6. e4 Nc6 7. Nbd2 d6 8. c3 e5 9. Re1 Nge7 10. a4 0-0 11. Nc4 Qd7 12. Bg5 f6 13. Be3 d5 14. exd5 Nxd5 15. Nfd2 Nxe3 16. Nxe3 Qxd3 17. Nd5 Kh8 18. Be4 Qa6 19. Nc7 Qa5 20. Nb3 Rad8 21. Qe2 Nd4 22. cxd4 Qb4 23. Bxb7 Qxb3 24. dxc5 Rd7 25. cxb6 Qxb6 26. Nb5 Qxb7 27. Rac1 a6 28. Nc3 f5 29. Red1 Rfd8 30. Rxd7 Qxd7 31. Qxa6 e4 32. Qe2 Qd2 33. Qxd2 Rxd2 34. b4 Rd3 35. Ne2 h6 36. Rb1 Ra3 37. b5 Rxa4 38. b6 Ra8 39. Nf4 Rb8 40. Nxg6+ Kh7 41. Ne7 Rb7 42. Nxf5 1-0

[Event "Titled Tuesday intern op 09th May Early"]
[Site "Chess.com INT"]
[Date "2023.05.09"]
[Round "7"]
[White "Lwanga, Aguda"]
[Black "Nugumanov, Bakhtiyar"]
[Result "1-0"]
[WhiteElo "1702"]
[BlackElo "2316"]
[PlyCount "57"]
[EventDate "2023.05.09"]
[EventType "swiss (blitz)"]
[EventRounds "11"]
[EventCountry "USA"]
[SourceTitle "CBM 214 Extra"]
[Source "ChessBase"]
[SourceDate "2023.07.31"]
[SourceVersion "1"]
[SourceVersionDate "2023.07.31"]
[SourceQuality "1"]

1. e4 e6 2. d4 d5 3. Nd2 Be7 4. e5 c5 5. c3 Nc6 6. Bd3 Bd7 7. Ndf3 f6 8. exf6 Nxf6 9. Ne2 0-0 10. 0-0 Ne4 11. Re1 Bh4 12. Be3 e5 13. Bxe4 dxe4 14. Nxe5 cxd4 15. cxd4 Ne7 16. Ng3 Be6 17. Nxe4 Nd5 18. Qd2 Bf5 19. Bg5 Bxg5 20. Nxg5 h6 21. Ngf3 Qf6 22. Rac1 Rad8 23. b4 Kh8 24. a3 a6 25. a4 Ne7 26. b5 axb5 27. axb5 Nc8 28. Rc7 Nd6 29. b6 1-0

[Event "Kazakhstan Cup"]
[Site "Astana"]
[Date "2023.04.26"]
[Round "5"]
[White "Nugumanov, Bakhtiyar"]
[Black "Ter Sahakyan, Samvel"]
[Result "0-1"]
[WhiteElo "2316"]
[BlackElo "2613"]
[PlyCount "70"]
[EventDate "2023.04.23"]
[EventType "swiss"]
[EventRounds "9"]
[EventCountry "KAZ"]
[SourceTitle "CBM 213 Extra"]
[Source "ChessBase"]
[SourceDate "2023.05.31"]
[SourceVersion "1"]
[SourceVersionDate "2023.05.31"]
[SourceQuality "1"]

1. e4 c5 2. Nf3 d6 3. d4 cxd4 4. Nxd4 Nf6 5. Nc3 a6 6. g3 e5 7. Nb3 Be7 8. Bg2 0-0 9. 0-0 a5 10. a4 Bg4 11. Bf3 Be6 12. Bg5 Nbd7 13. Nb5 h6 14. Be3 Qb8 15. Nc1 Nc5 16. Bxc5 dxc5 17. Qe2 g6 18. Na2 h5 19. Nac3 h4 20. Rfe1 Re8 21. gxh4 Kg7 22. h5 Rh8 23. Nd5 Bxd5 24. exd5 e4 25. Bxe4 Rxh5 26. h3 Rxh3 27. Bg2 Rh5 28. Kf1 Qh2 29. Ra3 Nxd5 30. Bxd5 Rxd5 31. Qxe7 Rf5 32. f3 Re8 33. Nd6 Qh3+ 34. Kg1 Rxe7 35. Nxf5+ Qxf5 0-1